000 00670cam a2200217 a 4500
020 _a9711040794 (pbk.)
040 _cDLC
082 0 0 _a338 INT 1983 A066 Or.
100 1 _aBarlow, Colin,
245 1 0 _aEvaluating technology for new farming systems :
_bcase studies from Philippine rice farms /
260 _aLos BaƱos, Laguna, Philippines :
_bInternational Rice Research Institute,
_c1983.
300 _a110 p. :
_bill. ;
_c24 cm.
500 _aIncludes index.
650 0 _aAgricultural innovations
650 0 _aAgricultural systems
650 0 _aMultiple cropping
650 0 _aRice
700 1 _aJayasuriya, S. K.
700 1 _aPrice, E. C.
942 _cEK
999 _c14299
_d14299